000 01017nam a22003257a 4500
003 CHAP
005 20220329134807.0
008 971013s1954 r 00010 d
010 _a26025
011 _a26997
035 _a31098
040 _cCHAP
090 _aFolleto 11999
110 _aInternational Organization for Standardization
_959760
245 _aInternational code fort the abbreviation of titles of periodicals
260 _a(s.l.) :
_b(s.e.),
_c1954
300 _a3 p
490 _aISO/R4-1953 (E)
500 _aFotocopias
590 _aBATCH-UPD
_b10
_c20130109
_lUCH01
_h2330
590 _aBATCH-UPD
_b10
_c20130110
_lUCH01
_h2129
590 _aBATCH-UPD
_b10
_c20130409
_lUCH01
_h1855
590 _aBATCH-UPD
_b10
_c20130914
_lUCH01
_h1659
590 _aCONVERSION
_b10
_c20130109
_lUCH01
_h1315
650 1 4 _aPublicaciones periódicas
_xAbreviaturas.
_992715
830 0 _aISO/R4-1953 (E)
_960629
901 _aBK
942 _cFOLL
949 _aFolleto 11999
_bBC
_cFOLL
_d-72011
_eTS1
_i31098
_mD
_si
999 _c26025
_d26025